LEADER 00930nam a2200229 i 4500 001 000000051097 003 CaOOAMICUS 005 20100126000000.0 008 100126s1986 it u000 u ita u 013 $a22268 020 $a88-311-2633-4 040 $aSeMil$bita 100 1 $aDe Luca, Vittorio.$0(OLS)http://semarc/name/25297 245 13$aUn vescovo, una cittā :$bCarlo Maria Martini /$cVittorio De Luca. 260 $aRoma :$bCittā Nuova,$c1986. 300 $a143 p. ;$c20 cm. 600 14$aMartini, Carlo Maria .$0(OLS)http://semarc/subject/8972 850 $aSeMil 852 $aSeMil$W1$xVenegono$y1$m2F II 275$j17252$B17252$CSeMilBibl$Z2$F17252 $81 996 $6020$a88-311-2633-4$9(OLS)http://semarc/number/25082 996 $6245$aUn vescovo, una cittā :$bCarlo Maria Martini$9(OLS)http://semarc/title/78181 996 $6260$aRoma :$bCittā Nuova$9(OLS)http://semarc/publisher/29609 LEADER 01201nam a2200277 i 4500 001 000000107232 003 CaOOAMICUS 005 20101117000000.0 008 101117s1994 it u000 u ita u 013 $a79458 040 $aSeMil$bita 100 1 $aCānopi, Anna Maria,$c.$0(OLS)http://semarc/name/90313 245 10$aMonachesimo benedettino femminile /$cAnna Maria Canopi ; con introduzione di Gregorio Penco. 260 $aSeregno :$bAbbazia di San Benedetto,$c1994. 300 $a136 p., [4] c. di tav. :$bill. ;$c19 cm. 490 0 $aOrizzonti monastici ;$v7 500 $aFondo Card. C.M. Martini. 650 4$aMonasteri benedettini.$0(OLS)http://semarc/subject/18737 700 1 $aPenco, Gregorio,$c.$0(OLS)http://semarc/name/3373 830 0$aOrizzonti monastici ;$v7.$0(OLS)http://semarc/title/8184 850 $aSeMil 852 $aSeMil$W1$xVenegono$y1$m3G I 291 °$j63328$B63328$CSeMilBibl$Z2$F158510 $81 941 1 $a4 961 $aOmaggio: Martini Card. Carlo Maria 996 $6245$aMonachesimo benedettino femminile$9(OLS)http://semarc/title/155562 996 $6260$aSeregno :$bAbbazia di San Benedetto$9(OLS)http://semarc/publisher/41027